00608nam a2200121Ia 4500008004100000100002500041245008300066260003700149440004400186650020300230650001200433856004100445171212s9999 xx 000 0 und d aSaleh-Hanna, Viviane cSaleh-Hanna, VivianeaColonial Systems of ControlbCriminal Justice in Nigeria bUniversity of Ottawa Pressc2008 aAlternative Perspectives in Criminology aCriminal justice, Administration of -- Nigeria; Imprisonment -- Nigeria; Prisoners -- Civil rights -- Nigeria; Prisoners -- Nigeria -- Biography; Alternatives to imprisonment -- Nigeria; Imperialism aHistory uhttp://jstor.org/stable/j.ctt1ckph37